000 01032cam a22003257a 4500
003 CHAP
005 20220329135605.0
008 971013s1992 r 00010 d
010 _a38970
011 _a39942
035 _a44067
040 _cCHAP
082 _a312.0972
_bI58 v.3
110 _aInstituto Nacional de Estadística, Geografía e Informática. México
_959304
245 0 _aEstadísticas demográficas
260 _aAguascalientes, Ags. :
_bINEGI,
_c1992
300 _a480 p.
410 _aINEGI
490 0 _aCuaderno de población
_v; 3
590 _aBATCH-UPD
_b10
_c20130110
_lUCH01
_h1944
590 _aBATCH-UPD
_b10
_c20130410
_lUCH01
_h1307
590 _aBATCH-UPD
_b10
_c20130914
_lUCH01
_h1638
590 _aCONVERSION
_b10
_c20130109
_lUCH01
_h1322
650 1 4 _aPoblación
_xEstadísticas
_zMéxico.
_989385
810 0 0 _aINEGI
_958045
830 0 0 _aCuaderno de población
_v; 3
_929719
901 _aBK
942 _cLIBRO
949 _a312.0972 I58 v.3
_bBC
_cINEGI
_d33724000397964
_eINEGI
_h87649
_i44067
_si
999 _c38970
_d38970